000 00729nam a22002057a 4500
005 20130618125447.0
010 _aENG-107484
020 _a9780415842549
_c695.00
035 _aEN-91017
037 _bDBAD/PUB
245 _aThe role of the state /
_cedited by Mario Scerri [and] Helena M M Lastres
260 _aNew Delhi
_bRoutledge
_c2013
270 _a912Tolstoy House, 15-17 Tolstoy Marg, Connaught Place
_bNew Delhi
_e110001
300 _ali,337p.
_c23cm(Hb)
490 _aBRICS-National systems of innovation ; edited by Jose E. Cassiolato [and] Maria Clara Couto Soares
500 _aIncludes bibliographical references and index
700 _aScerri, Mario
700 _aLastres, Helena M.M.
942 _2ddc
_cEN
_mROL
999 _c76374
_d76374